[Event "Barcelona Sant Marti op-B 19th"]
[Site "Barcelona"]
[Date "2017.07.14"]
[Round "2"]
[White "Morais Carreras, Javier"]
[Black "Prieto Velasco, Rafael"]
[Result "1/2-1/2"]
[WhiteElo "1925"]
[BlackElo "1772"]
[PlyCount "152"]
[EventDate "2017.07.13"]
[EventType "swiss"]
[EventRounds "9"]
[EventCountry "ESP"]
[SourceTitle "EXT 2018"]
[Source "ChessBase"]
[SourceDate "2017.10.13"]
[SourceVersion "1"]
[SourceVersionDate "2017.10.13"]
[SourceQuality "1"]

1. e4 e6 2. d3 d5 3. Nd2 Nf6 4. Ngf3 b6 5. g3 Bb7 6. e5 Nfd7 7. Bg2 c5 8. 0-0 Nc6 9. Re1 Qc7 10. Qe2 Be7 11. Nf1 h6 12. c3 a5 13. d4 Ba6 14. Qd1 b5 15. h4 Nb6 16. Ne3 0-0-0 17. Bf1 Qb7 18. Bd2 Kb8 19. a3 g5 20. h5 Rc8 21. Ng4 cxd4 22. cxd4 Na8 23. Rc1 Nb6 24. Bd3 Nc4 25. Bc3 Ka7 26. Re2 Rb8 27. Bxc4 bxc4 28. Qe1 Qb5 29. Rec2 a4 30. Qd1 Qb3 31. Nd2 Qb6 32. Nf1 Qb5 33. Qf3 Rbf8 34. Nf6 Qb7 35. Ne3 Bxf6 36. Qxf6 Qe7 37. Qf3 f5 38. Qd1 Bb5 39. Rd2 g4 40. Ng2 Rb8 41. Nf4 Qd7 42. Re2 Nd8 43. Bb4 Nf7 44. Bc5+ Ka6 45. Rec2 Ng5 46. Bd6 Rb7 47. Kg2 Ne4 48. Qe1 Rb6 49. Ng6 Rg8 50. Bb4 Qe8 51. Bd2 Rxg6 52. hxg6 Qxg6 53. Qh1 h5 54. Qh4 Qe8 55. Rh1 c3 56. Bxc3 Bd3 57. Rcc1 Nxc3 58. Rxc3 Be4+ 59. Kh2 Bxh1 60. Kxh1 Rxb2 61. Kg2 Rb3 62. Rc7 Rb7 63. Rc5 Rb5 64. Rc7 Rb7 65. Rxb7 Kxb7 66. Qh1 Ka7 67. Qc1 Qe7 68. Qc6 Qxa3 69. Qc7+ Ka8 70. Qd8+ Kb7 71. Qd7+ Ka8 72. Qxe6 Qf3+ 73. Kg1 Qd1+ 74. Kg2 Qf3+ 75. Kg1 Qd1+ 76. Kg2 Qf3+ 1/2-1/2

[Event "Andalucia-chA"]
[Site "Roquetas de Mar"]
[Date "2017.05.13"]
[Round "2"]
[White "Munoz Pelaez, Manuel"]
[Black "Prieto Velasco, Rafael"]
[Result "1-0"]
[WhiteElo "2152"]
[BlackElo "1771"]
[PlyCount "63"]
[EventDate "2017.05.13"]
[EventType "swiss"]
[EventRounds "8"]
[EventCountry "ESP"]
[SourceTitle "EXT 2020"]
[Source "ChessBase"]
[SourceDate "2019.10.17"]
[SourceVersion "1"]
[SourceVersionDate "2019.10.17"]
[SourceQuality "1"]

1. e4 e6 2. d4 d5 3. Nd2 Nf6 4. e5 Nfd7 5. c3 c5 6. Bd3 Nc6 7. Ne2 cxd4 8. cxd4 f6 9. Nf4 Nxd4 10. Qh5+ Ke7 11. Ng6+ hxg6 12. exf6+ Nxf6 13. Qxh8 Kf7 14. 0-0 e5 15. Nb3 Nxb3 16. axb3 Bf5 17. Bxf5 gxf5 18. Bg5 Qb6 19. Bxf6 Kxf6 20. Rfc1 Rd8 21. Qh4+ g5 22. Qh5 Bg7 23. h4 gxh4 24. Qxh4+ Ke6 25. Qh7 Kf6 26. Qh4+ Kf7 27. Qg5 Rf8 28. Rc3 f4 29. Rac1 Kg8 30. Rc7 Rf7 31. Rc8+ Rf8 32. R1c7 1-0

[Event "Salou op 14th"]
[Site "Salou"]
[Date "2012.05.03"]
[Round "1"]
[White "Prieto Velasco, Rafael"]
[Black "Ibarra Jerez, Jose Carlos"]
[Result "0-1"]
[WhiteElo "1782"]
[BlackElo "2523"]
[PlyCount "35"]
[EventDate "2012.05.03"]
[EventType "swiss"]
[EventRounds "9"]
[EventCountry "ESP"]
[SourceTitle "CBM 148 Extra"]
[Source "ChessBase"]
[SourceDate "2012.06.22"]
[SourceVersion "1"]
[SourceVersionDate "2012.06.22"]
[SourceQuality "1"]

1. d4 Nf6 2. c4 d6 3. Nc3 e5 4. d5 Nbd7 5. g3 a5 6. Bg2 g6 7. Bg5 h6 8. Bd2 Nc5 9. b3 Bg7 10. Qc2 0-0 11. e4 c6 12. Nge2 cxd5 13. cxd5 Bd7 14. 0-0 b5 15. Rab1 b4 16. Nd1 Bb5 17. Re1 Rc8 18. Rc1 0-1

[Event "Goch op 22nd"]
[Site "Goch"]
[Date "2011.10.01"]
[Round "5"]
[White "Schorr, Joerg"]
[Black "Prieto Velasco, Rafael"]
[Result "1/2-1/2"]
[WhiteElo "1937"]
[BlackElo "1762"]
[PlyCount "37"]
[EventDate "2011.09.29"]
[EventType "swiss"]
[EventRounds "7"]
[EventCountry "GER"]
[SourceTitle "EXT 2014"]
[Source "ChessBase"]
[SourceDate "2013.11.20"]
[SourceVersion "1"]
[SourceVersionDate "2013.11.20"]
[SourceQuality "1"]

1. d4 f5 2. g3 Nf6 3. Bg2 g6 4. c4 Bg7 5. Nf3 d6 6. 0-0 0-0 7. Nc3 Qe8 8. Re1 Qf7 9. Ng5 Qxc4 10. e3 h6 11. Bf1 Qc6 12. Bb5 Qb6 13. Qb3+ d5 14. Nf3 c6 15. Bf1 Qxb3 16. axb3 Nbd7 17. b4 Ne4 18. b5 e5 19. h4 1/2-1/2

[Event "Goch op 22nd"]
[Site "Goch"]
[Date "2011.09.30"]
[Round "2"]
[White "Prieto Velasco, Rafael"]
[Black "Avis, Fred"]
[Result "0-1"]
[WhiteElo "1762"]
[BlackElo "1999"]
[PlyCount "112"]
[EventDate "2011.09.29"]
[EventType "swiss"]
[EventRounds "7"]
[EventCountry "GER"]
[SourceTitle "EXT 2014"]
[Source "ChessBase"]
[SourceDate "2013.11.20"]
[SourceVersion "1"]
[SourceVersionDate "2013.11.20"]
[SourceQuality "1"]

1. d4 d5 2. c4 e6 3. Nc3 Nf6 4. cxd5 exd5 5. Bg5 Be7 6. e3 Nbd7 7. Bd3 h6 8. Bh4 c6 9. Qc2 0-0 10. Nge2 Re8 11. f3 Nf8 12. 0-0 c5 13. Bf2 b6 14. Bb5 Bd7 15. Rad1 Bxb5 16. Nxb5 a6 17. Nbc3 Rc8 18. Qf5 g6 19. Qd3 c4 20. Qb1 b5 21. Nf4 b4 22. Nce2 g5 23. Nh3 Bd6 24. Qf5 Ne6 25. Kh1 Ng7 26. Qc2 Qc7 27. Ng3 Qd7 28. e4 Bxg3 29. Bxg3 dxe4 30. Be5 Nd5 31. fxe4 Ne3 32. Qf2 Ng4 33. Qf3 Rc6 34. Ng1 Rg6 35. Ne2 f6 36. Bg3 h5 37. h3 Nh6 38. Be1 g4 39. hxg4 hxg4 40. Qe3 g3 41. Nxg3 Qg4 42. Qf3 Qh4+ 43. Kg1 Ng4 44. Rf2 Nxf2 45. Bxf2 Qg5 46. d5 Qe5 47. Rd4 Rc8 48. Ne2 f5 49. Bg3 fxe4 50. Rxe4 Qxb2 51. Be5 Qb1+ 52. Kf2 Rf8 53. Bf4 Nh5 54. Qxh5 Qxe4 55. g3 c3 56. Nc1 Rxf4+ 0-1

[Event "Tres Cantos op 3rd"]
[Site "Tres Cantos"]
[Date "2011.06.30"]
[Round "9"]
[White "Prieto Velasco, Rafael"]
[Black "Garcia Burguillo, Javier"]
[Result "0-1"]
[WhiteElo "1776"]
[BlackElo "1802"]
[PlyCount "52"]
[EventDate "2011.06.22"]
[EventType "swiss"]
[EventRounds "9"]
[EventCountry "ESP"]
[SourceTitle "EXT 2012"]
[Source "ChessBase"]
[SourceDate "2011.11.24"]
[SourceVersion "1"]
[SourceVersionDate "2011.11.24"]
[SourceQuality "1"]

1. d4 Nf6 2. c4 e5 3. dxe5 Ng4 4. Bf4 Bb4+ 5. Nd2 Nc6 6. Ngf3 Qe7 7. e3 Ngxe5 8. Nxe5 Nxe5 9. Be2 0-0 10. 0-0 Ng6 11. Bg3 Bd6 12. Bxd6 Qxd6 13. Nf3 Qe7 14. Qc2 b6 15. Nd4 Bb7 16. Qf5 Nh4 17. Qf4 Nxg2 18. Qxc7 Rab8 19. Qg3 Nh4 20. b4 Qe4 21. f4 Ng2 22. Rf3 Nxe3 23. f5 Qxd4 24. Rxe3 Qxa1+ 25. Kf2 Rfe8 26. f6 Qxf6+ 0-1

[Event "Tres Cantos op 3rd"]
[Site "Tres Cantos"]
[Date "2011.06.26"]
[Round "5"]
[White "Palenciano Escolar, Adrian"]
[Black "Prieto Velasco, Rafael"]
[Result "0-1"]
[WhiteElo "1580"]
[BlackElo "1776"]
[PlyCount "58"]
[EventDate "2011.06.22"]
[EventType "swiss"]
[EventRounds "9"]
[EventCountry "ESP"]
[SourceTitle "EXT 2012"]
[Source "ChessBase"]
[SourceDate "2011.11.24"]
[SourceVersion "1"]
[SourceVersionDate "2011.11.24"]
[SourceQuality "1"]

1. e4 e6 2. d4 d5 3. Nd2 Nf6 4. e5 Nfd7 5. Bd3 c5 6. c3 Nc6 7. Ne2 cxd4 8. cxd4 f6 9. f4 fxe5 10. fxe5 Nxd4 11. Nxd4 Qh4+ 12. g3 Qxd4 13. Qh5+ Kd8 14. Qg5+ Kc7 15. Bb5 Qxe5+ 16. Qxe5+ Nxe5 17. Nb3 Bb4+ 18. Ke2 Bd7 19. Bxd7 Kxd7 20. a3 Bd6 21. Bf4 b6 22. Rhf1 Nc4 23. Bxd6 Nxd6 24. Kd3 Rac8 25. Rae1 Rhf8 26. Rxf8 Rxf8 27. Re2 Rf3+ 28. Kc2 Nf5 29. a4 Rxb3 0-1

[Event "Parla op 25th"]
[Site "Parla"]
[Date "2010.09.04"]
[Round "1"]
[White "Prieto Velasco, Rafael"]
[Black "Ramirez Garcia, Jorge Alberto"]
[Result "0-1"]
[WhiteElo "1758"]
[BlackElo "2246"]
[PlyCount "78"]
[EventDate "2010.09.04"]
[EventType "swiss"]
[EventRounds "9"]
[EventCountry "ESP"]
[SourceTitle "CBM 138 Extra"]
[Source "ChessBase"]
[SourceDate "2010.10.29"]
[SourceVersion "1"]
[SourceVersionDate "2010.10.29"]
[SourceQuality "1"]

1. d4 Nf6 2. c4 e6 3. Nc3 Bb4 4. e3 c5 5. Nge2 cxd4 6. exd4 d5 7. a3 Be7 8. c5 0-0 9. b4 Nbd7 10. Bf4 Ne8 11. Bg3 f6 12. Nf4 Nc7 13. Be2 Rf7 14. 0-0 Nf8 15. Bf3 Bd7 16. Re1 a5 17. Rb1 axb4 18. axb4 g5 19. Nh5 Nb5 20. Nxd5 exd5 21. Bxd5 Bc6 22. Bxf7+ Kxf7 23. Qg4 Qxd4 24. Qf5 Qd7 25. Qc2 Nd4 26. Qc4+ Qd5 27. Qxd5+ Bxd5 28. Rbd1 Nfe6 29. f4 Bb3 30. Rd3 Bc4 31. Rdd1 Kg6 32. Rxd4 Nxd4 33. Rxe7 Ra1+ 34. Be1 Kxh5 35. Rxh7+ Kg6 36. Re7 gxf4 37. Kf2 Ra2+ 38. Kg1 f3 39. gxf3 Nxf3+ 0-1

[Event "San Sebastian Constitucion op 11th"]
[Site "San Sebastian"]
[Date "2009.11.30"]
[Round "1"]
[White "Hernando Pertierra, Jose Carlos"]
[Black "Prieto Velasco, Rafael"]
[Result "1-0"]
[WhiteElo "2374"]
[BlackElo "1762"]
[PlyCount "53"]
[EventDate "2009.11.30"]
[EventType "swiss"]
[EventRounds "9"]
[EventCountry "ESP"]
[SourceTitle "CBM 133 Extra"]
[Source "ChessBase"]
[SourceDate "2010.01.05"]
[SourceVersion "1"]
[SourceVersionDate "2010.01.05"]
[SourceQuality "1"]

1. Nf3 f5 2. d4 Nf6 3. g3 g6 4. c3 d6 5. Bg2 Bg7 6. Qb3 Nc6 7. 0-0 e6 8. Nbd2 0-0 9. Ne1 d5 10. Nd3 g5 11. Nf3 Ne4 12. Nfe5 Nd6 13. f4 g4 14. e3 Nxe5 15. fxe5 Nf7 16. Nf4 c6 17. c4 Ng5 18. Bd2 a5 19. Qc2 Ne4 20. Bxe4 fxe4 21. Rf2 Qg5 22. Raf1 Re8 23. b3 Qe7 24. a4 b5 25. axb5 cxb5 26. cxd5 exd5 27. Nxd5 1-0

[Event "Collado Villalba op-A 26th"]
[Site "Collado Villalba"]
[Date "2009.08.27"]
[Round "7"]
[White "Prieto Velasco, Rafael"]
[Black "Rodriguez Fenoy, Inmaculada"]
[Result "1-0"]
[WhiteElo "1727"]
[BlackElo "1707"]
[PlyCount "89"]
[EventDate "2009.08.21"]
[EventType "swiss"]
[EventRounds "9"]
[EventCountry "ESP"]
[SourceTitle "CBM 132 Extra"]
[Source "ChessBase"]
[SourceDate "2009.11.03"]
[SourceVersion "1"]
[SourceVersionDate "2009.11.03"]
[SourceQuality "1"]

1. d4 Nf6 2. c4 e6 3. Nc3 d5 4. cxd5 exd5 5. Bg5 c6 6. e3 Na6 7. a3 Nc7 8. Bd3 Be7 9. Nge2 Ne6 10. Bh4 Qc7 11. Rc1 Qd8 12. Bg3 Nf8 13. Qc2 Ng6 14. Nf4 Bd6 15. Nce2 Qe7 16. Nxg6 fxg6 17. b4 a6 18. Bxd6 Qxd6 19. Qc5 Qe7 20. Qxe7+ Kxe7 21. Ng3 Kf7 22. 0-0 Rf8 23. Rc2 Be6 24. h3 Kg8 25. Rfc1 Rf7 26. Nf1 Bf5 27. Bxf5 gxf5 28. Nd2 Ne4 29. Nf3 Nd6 30. Ne5 Re7 31. a4 Rf8 32. g3 Nf7 33. Nxf7 Rfxf7 34. Rc5 Rd7 35. b5 axb5 36. axb5 cxb5 37. Rxb5 Rf6 38. Rc8+ Kf7 39. Rb8 g5 40. R8xb7 Rxb7 41. Rxb7+ Ke6 42. Rxh7 f4 43. Ra7 Kf5 44. Re7 Kg6 45. Re5 1-0

[Event "Collado Villalba op-A 26th"]
[Site "Collado Villalba"]
[Date "2009.08.26"]
[Round "6"]
[White "Prieto Velasco, Rafael"]
[Black "Fernandez Garcia, Ignacio"]
[Result "0-1"]
[WhiteElo "1727"]
[BlackElo "1958"]
[PlyCount "94"]
[EventDate "2009.08.21"]
[EventType "swiss"]
[EventRounds "9"]
[EventCountry "ESP"]
[SourceTitle "CBM 132 Extra"]
[Source "ChessBase"]
[SourceDate "2009.11.03"]
[SourceVersion "1"]
[SourceVersionDate "2009.11.03"]
[SourceQuality "1"]

1. d4 Nf6 2. c4 d6 3. Nc3 g6 4. e4 Bg7 5. Be2 Nc6 6. Nf3 0-0 7. 0-0 Ng4 8. h3 Nh6 9. Be3 f5 10. Qd2 Nf7 11. d5 fxe4 12. Nxe4 Nce5 13. Rac1 c5 14. a3 b6 15. Neg5 h6 16. Ne6 Bxe6 17. dxe6 Ng5 18. Nxg5 hxg5 19. Bxg5 Rf5 20. f4 Nc6 21. g4 Rxg5 22. fxg5 Bd4+ 23. Kg2 Ne5 24. Rf4 Qc8 25. Rxd4 cxd4 26. Qxd4 Qa6 27. Rc3 Rc8 28. b4 Rf8 29. Qe4 Qc8 30. Bd1 Kg7 31. c5 Qxe6 32. Bb3 Qc8 33. Kg3 bxc5 34. Rxc5 Qb8 35. Rc3 Qb6 36. Re3 Qb5 37. Bd1 Qf1 38. Bf3 Qg1+ 39. Bg2 Qf2+ 40. Kh2 Rf4 41. Re2 Nxg4+ 42. hxg4 Qh4+ 43. Bh3 Rxe4 44. Rxe4 Qxg5 45. Kg3 e5 46. Rc4 Qe3+ 47. Kh4 g5+ 0-1

[Event "Tres Cantos op 1st"]
[Site "Tres Cantos"]
[Date "2009.06.13"]
[Round "8"]
[White "Hernandez Mateo, Borja"]
[Black "Prieto Velasco, Rafael"]
[Result "1/2-1/2"]
[WhiteElo "1549"]
[BlackElo "1716"]
[PlyCount "37"]
[EventDate "2009.06.06"]
[EventType "swiss"]
[EventRounds "9"]
[EventCountry "ESP"]
[SourceTitle "EXT 2010"]
[Source "ChessBase"]
[SourceDate "2010.11.25"]
[SourceVersion "1"]
[SourceVersionDate "2010.11.25"]
[SourceQuality "1"]

1. e4 e6 2. d3 d5 3. Nd2 c5 4. Ngf3 Nf6 5. Be2 Nc6 6. 0-0 Be7 7. b3 b6 8. Bb2 0-0 9. c4 d4 10. a3 Bb7 11. Qc2 h6 12. Rfe1 Qc7 13. Nf1 a5 14. Ng3 Nd7 15. Bc1 Bd6 16. Bd2 Bf4 17. Bxf4 Qxf4 18. Qd2 Qxd2 19. Nxd2 1/2-1/2

[Event "Mostoles Bicentenary op"]
[Site "Mostoles"]
[Date "2008.05.26"]
[Round "5"]
[White "Corregidor Serrano, Julian"]
[Black "Prieto Velasco, Rafael"]
[Result "0-1"]
[WhiteElo "1872"]
[BlackElo "1568"]
[PlyCount "142"]
[EventDate "2008.05.20"]
[EventType "swiss"]
[EventRounds "9"]
[EventCountry "ESP"]
[SourceTitle "CBM 124 Extra"]
[Source "ChessBase"]
[SourceDate "2008.07.03"]
[SourceVersion "1"]
[SourceVersionDate "2008.07.03"]
[SourceQuality "1"]

1. e4 e6 2. d4 d5 3. Nd2 Nf6 4. e5 Nfd7 5. Ngf3 c5 6. c3 Nc6 7. Be2 cxd4 8. cxd4 Be7 9. 0-0 0-0 10. Nb3 f6 11. exf6 Bxf6 12. Be3 Re8 13. Qd2 a5 14. Rac1 Nf8 15. Rfd1 Bd7 16. Nc5 b6 17. Nxd7 Qxd7 18. Bb5 Rec8 19. Rc3 Ng6 20. Rdc1 Nge7 21. Qc2 Nxd4 22. Nxd4 Rxc3 23. bxc3 Qd6 24. Bd3 Kf7 25. Qe2 g6 26. Nf3 e5 27. Bb5 Rc8 28. Bg5 e4 29. Bxf6 Qxf6 30. Nd2 Rxc3 31. Rxc3 Qxc3 32. h3 Nf5 33. Nb3 Qe5 34. Qd2 Kf6 35. Bc6 d4 36. Bd7 e3 37. Qe2 exf2+ 38. Qxf2 Qe3 39. Bxf5 gxf5 40. Nxd4 Qe4 41. Nf3 Qc6 42. Qd2 Qc5+ 43. Kh1 a4 44. Ne1 b5 45. Nd3 Qd4 46. Qb2 Qxb2 47. Nxb2 Ke5 48. Kg1 Kd4 49. Nd1 Kd3 50. Kf2 a3 51. g4 fxg4 52. hxg4 b4 53. Ke1 b3 54. Nf2+ Kc2 55. axb3 a2 56. b4 a1Q+ 57. Ke2 Qe5+ 58. Kf3 Kc3 59. b5 Kd4 60. b6 Qf6+ 61. Kg3 Qxb6 62. Nh3 Qd6+ 63. Kh4 Qh6+ 64. Kg3 Ke4 65. Nf2+ Ke3 66. Nh3 Qf6 67. g5 Qf5 68. Kh4 Kf3 69. Ng1+ Kg2 70. g6 hxg6 71. Ne2 Qe4+ 0-1